000 00649cam a2200205 a 4500
020 _a0764537563
040 _cDLC
082 0 0 _a005 WIL 2003 A004 Or.
100 1 _aHarvey, Greg.
245 1 0 _aExcel 2003 for dummies /
260 _aHoboken, NJ :
_bWiley Pub.,
_cc2003.
300 _axviii, 384 p. :
_bill. ;
_c24 cm.
500 _aIncludes index.
650 0 _aBusiness
650 0 _aElectronic spreadsheets.
856 4 2 _uhttp://www.loc.gov/catdir/bios/wiley046/2003101884.html
856 4 1 _uhttp://www.loc.gov/catdir/toc/wiley041/2003101884.html
856 4 2 _uhttp://www.loc.gov/catdir/description/wiley039/2003101884.html
942 _cEK
999 _c16411
_d16411